00266nam a2200109Ia 4500008004100000100002100041245004800062260001500110300000900125942000700134999001500141190216s9999||||xx |||||||||||||| ||und|| aMaheshwaran .s N 0aManagement Accounting And Financial Control bNullc1984 a2891 cBK c5050d5050